Sportifs Francais en images #4 - Statistiques

Statistiques générales
  • Ce quiz a été pris 229 fois
  • Le résultat moyen est 8 sur 16
Statistiques - réponses
Par images Réponse % Correct
Florent Manaudou
93%
Sébastien Chabal
76%
Esteban Ocon
72%
Amandine Henry
70%
Zinedine Zidane
68%
Cédric Doumbé
67%
Julian Alaphilippe
67%
David Douillet
64%
Laura Flessel
41%
Elohim Prandi
37%
Camille Muffat
36%
Estelle Mossely
35%
Kristina Mladenovic
35%
Celine Dumerc
33%
Jeannie Longo
32%
Alexis Hanquinquant
14%
Aucun quiz correspondant
Distribution des résultats
% des personnes avec chaque résultat
Percentile par nombre de réponses
Votre historique - résultats
Vous n’avez pas pris ce quiz